Put Letters Back Into European Cities - Statistics

General Stats
  • This quiz has been taken 69 times
  • The average score is 20 of 23
Answer Stats
Hint Answer % Correct
Mancester H
97%
Belgrad E
93%
Copenhaen G
93%
Helsini K
93%
Saint Peterburg S
93%
Zagre B
92%
Cariff D
92%
Haburg M
92%
Venie C
90%
Belast F
90%
Vilnus I
89%
Talinn L
89%
Skoje P
89%
Palemo R
89%
Valleta T
87%
Seille V
87%
Plermo A
85%
Reykavik J
85%
Trecht U
82%
Lon Y
82%
Thessaloiki N
80%
Sevastpol O
70%
Zaporihzhia Z
62%
No matching quizzes found
Score Distribution
Percent of People with Each Score
Percentile by Number Answered
Your Score History
You have not taken this quiz